Курс политической экономии. Лекции 13 и 14: Накопление капитала и обнищание пролетариата (Запись № 9256194)

Подробности
000 -МАРКЕР
контрольное поле 01622nam2a22002771 4500
001 - ИДЕНТИФИКАТОР ЗАПИСИ
контрольное поле rc\4045949
005 - ИДЕНТИФИКАТОР ВЕРСИИ
контрольное поле 20250611070846.0
021 ## - НОМЕР ГОСУДАРСТВЕННОЙ РЕГИСТРАЦИИ
Код страны Российская Федерация
Номер [46-3064]
035 ## - ДРУГИЕ СИСТЕМНЫЕ НОМЕРА
Идентификатор записи (NLR Aleph) 008102980
100 ## - ДАННЫЕ ОБЩЕЙ ОБРАБОТКИ
Данные общей обработки 20130415d1946 |||y0rusy50 ca
101 0# - ЯЗЫК РЕСУРСА
Язык текста, звукозаписи и т.д. русский
102 ## - СТРАНА ПУБЛИКАЦИИ ИЛИ ПРОИЗВОДСТВА
Страна публикации Российская Федерация
105 ## - ПОЛЕ КОДИРОВАННЫХ ДАННЫХ: ТЕКСТОВЫЕ МАТЕРИАЛЫ, МОНОГРАФИЧЕСКИЕ
Кодированные данные о монографическом текстовом документе y z |||||
200 1# - ЗАГЛАВИЕ И СВЕДЕНИЯ ОБ ОТВЕТСТВЕННОСТИ
Основное заглавие Накопление капитала и обнищание пролетариата
Сведения, относящиеся к заглавию Стенограммы лекций чл.-кор. Акад. наук СССР К.В. Островитянова, прочит. в 1944-1945 учеб. году
210 ## - ПУБЛИКАЦИЯ, РАСПРОСТРАНЕНИЕ И ДР.
Место издания, распространения и т.д. Москва
Имя издателя, распространителя и т. д. Тип. [Высш. парт. школы при ЦК ВКП(б)]
Дата издания, распространения и т.д. 1946
215 ## - ФИЗИЧЕСКАЯ ХАРАКТЕРИСТИКА
Специфическое обозначение материала и объем 40 с.
461 #0 - УРОВЕНЬ НАБОРА
Встроенное поле 001rc\4045942
-- 2001#$aКурс политической экономии$eЛекция 1-$fВысш. школа парт. организаторов при ЦК ВКП(б)$vЛекции 13 и 14
Системный номер (АБИС) связанной записи 9256155
Место публикации Москва
Дата публикации 1946
Первые сведения об ответственности Высш. школа парт. организаторов при ЦК ВКП(б)
Имя издателя, распространителя и т.д. Тип. [Высш. парт. школы при ЦК ВКП(б)]
Сведения, относящиеся к заглавию Лекция 1-
Заглавие Курс политической экономии
Номер тома Лекции 13 и 14
606 ## - НАИМЕНОВАНИЕ ТЕМЫ КАК ПРЕДМЕТ
Наименование темы Капитал
Тематический подзаголовок Накопление (лекции 13 и 14)
Код системы psbo
606 ## - НАИМЕНОВАНИЕ ТЕМЫ КАК ПРЕДМЕТ
Наименование темы Рабочий класс
Тематический подзаголовок Обнищание в условиях капитализма (лекции 13 и 14)
Код системы psbo
702 #1 - ИМЯ ЛИЦА - ВТОРИЧНАЯ ОТВЕТСТВЕННОСТЬ
Начальный элемент ввода Островитянов
Часть имени, кроме начального элемента ввода К.В.
Расширение инициалов личного имени Константин Васильевич
Код отношения Прочие
801 #0 - ИСТОЧНИК ЗАПИСИ
Страна Российская Федерация
Организация NLR
Правила каталогизации psbo
801 #1 - ИСТОЧНИК ЗАПИСИ
Страна Российская Федерация
Организация ELAR
Источник данных rusmarc
852 ## - МЕСТОНАХОЖДЕНИЕ И ШИФР ХРАНЕНИЯ
Идентификатор организации NLR
Шифр хранения (Call Number) Эк14 Г-6/22
942 ## - ДОПОЛНИТЕЛЬНЫЕ ЭЛЕМЕНТЫ ЗАПИСИ (АБИС)
Тип экземпляра АБИС Книга
980 ## - КОЛЛЕКЦИЯ
Название коллекции Национальная библиография
Экземпляры
Тип экземпляра Дата поступления Библиотека постоянного хранения Библиотека текущего хранения Место хранения Шифр хранения Штрих-код Статус экземпляра
Книга 26.10.2013 РНБ (Садовая) РНБ (Садовая) Русский книжный фонд -Главное здание, Ленинский читальный зал Эк14 Г-6/22 8102980-10